000 00442nam a2200169Ia 4500
008 221030s9999 xx 000 0 und d
020 _a8177583352
041 _aEnglish
082 _a105.23
_bKnu
100 _aD. E. Knuth
245 4 _aThe Art of Computer Programming - Vol 2 Seminumerical Algorithms
_cby D. E. Knuth
250 _a3rd
260 _bPearson Education
_aDelhi
_c2006
300 _a762
650 _aComputers
942 _cBK
999 _c2713
_d2713